[Event "National Capital op"]
[Site "Ottawa CAN"]
[Date "2013.10.20"]
[Round "5"]
[White "Gelblum, Robert"]
[Black "Pacey, Kevin"]
[Result "0-1"]
[WhiteElo "2230"]
[BlackElo "2232"]
[PlyCount "66"]
[GameId "2160767909225008"]
[EventDate "2013.10.18"]
[EventType "swiss"]
[EventRounds "5"]
[EventCountry "CAN"]
[SourceTitle "EXT 2022"]
[Source "ChessBase"]
[SourceDate "2021.10.06"]
[SourceVersion "1"]
[SourceVersionDate "2021.10.06"]
[SourceQuality "1"]

1. e4 e6 2. d3 c5 3. Nf3 Nc6 4. g3 d5 5. Qe2 Be7 6. Bg2 Nf6 7. O-O O-O 8. e5 Nd7 9. c4 Nb6 10. h4 Nd4 11. Nxd4 cxd4 12. Nd2 f5 13. exf6 Bxf6 14. Nf3 dxc4 15. dxc4 Qc7 16. Bg5 d3 17. Qxd3 Bxb2 18. Rab1 Qxc4 19. Qd2 Bc3 20. Qe3 Nd5 21. Qc1 Qxa2 22. Rb5 Bf6 23. Bxf6 Nxf6 24. Ng5 h6 25. Ne4 Nxe4 26. Bxe4 Qa4 27. Qb1 Bd7 28. Rxb7 Bc6 29. Bxc6 Qxc6 30. Rc1 Qf3 31. Qb2 Rf7 32. Rcc7 Rd8 33. Rb8 Qd1+ 0-1

[Event "National Capital op U1900"]
[Site "Ottawa CAN"]
[Date "2013.10.18"]
[Round "1"]
[White "Piche, Guy"]
[Black "Laurin, Marcel"]
[Result "0-1"]
[WhiteElo "1773"]
[BlackElo "1596"]
[PlyCount "122"]
[GameId "2160767909225009"]
[EventDate "2013.10.18"]
[EventType "swiss"]
[EventRounds "5"]
[EventCountry "CAN"]

1. f4 b6 2. Nf3 Bb7 3. e3 d6 4. d4 Nd7 5. d5 Ngf6 6. c4 g6 7. Bd3 Bg7 8. Nc3 O-O 9. O-O c6 10. e4 e5 11. Bc2 a6 12. dxc6 Bxc6 13. Qxd6 Rc8 14. Nxe5 Ne8 15. Nxc6 Nxd6 16. Nxd8 Bd4+ 17. Kh1 Rfxd8 18. Rd1 Bc5 19. Bb3 Nf6 20. Re1 Ng4 21. g3 Kg7 22. Kg2 h5 23. Nd5 h4 24. h3 Nf2 25. e5 Nf5 26. g4 Ng3 27. Be3 Nd3 28. Reb1 Bxe3 29. Nxe3 Nxf4+ 30. Kf3 Nxh3 31. Rd1 Ng5+ 32. Kg2 Re8 33. Rd5 Ne6 34. Nf1 Nf4+ 35. Kf3 Nxd5 36. Nxg3 hxg3 37. cxd5 Rxe5 38. Rd1 Rce8 39. Kxg3 g5 40. Rd2 Re3+ 41. Kf2 Rh3 42. Kg2 Ree3 43. d6 Rd3 44. Rf2 f6 45. Be6 Rhe3 46. Bc4 Rd4 47. Bxa6 Rxg4+ 48. Kf1 Rd4 49. d7 Rxd7 50. Bc8 Rde7 51. Ba6 R3e4 52. Bd3 Rf4 53. Rxf4 gxf4 54. a4 Re3 55. Bc4 Kf8 56. b3 Rc3 57. Ke2 Ke7 58. Kf2 Kd6 59. Ke2 Kc5 60. Bf7 Kb4 61. Kf2 Rxb3 0-1

[Event "National Capital op U1900"]
[Site "Ottawa CAN"]
[Date "2013.10.19"]
[Round "2"]
[White "Laurin, Marcel"]
[Black "Barlow Wilkes, Curtis"]
[Result "1/2-1/2"]
[WhiteElo "1596"]
[BlackElo "1814"]
[PlyCount "45"]
[GameId "2160767909225010"]
[EventDate "2013.10.18"]
[EventType "swiss"]
[EventRounds "5"]
[EventCountry "CAN"]

1. d4 d5 2. c4 c6 3. cxd5 cxd5 4. Nc3 Nf6 5. Nf3 e6 6. a3 a5 7. Bf4 Bd6 8. Bxd6 Qxd6 9. Nb5 Qb6 10. e3 Bd7 11. a4 O-O 12. Bd3 Nc6 13. O-O Nb4 14. Ne5 Nxd3 15. Nxd7 Nxd7 16. Qxd3 Rfc8 17. Rac1 Rc6 18. Rc3 Rac8 19. Rfc1 Rxc3 20. Rxc3 Rxc3 21. Qxc3 Qc6 22. Kf1 Qxc3 23. Nxc3 1/2-1/2

[Event "National Capital op U1900"]
[Site "Ottawa CAN"]
[Date "2013.10.19"]
[Round "3"]
[White "Laurin, Marcel"]
[Black "Langer, Herb"]
[Result "0-1"]
[WhiteElo "1596"]
[BlackElo "1655"]
[PlyCount "118"]
[GameId "2160767909225011"]
[EventDate "2013.10.18"]
[EventType "swiss"]
[EventRounds "5"]
[EventCountry "CAN"]

1. d4 e6 2. Nf3 c5 3. Nc3 d5 4. Be3 cxd4 5. Bxd4 Nc6 6. e3 Nf6 7. Bd3 Nxd4 8. exd4 Bd6 9. O-O a6 10. Ne2 Bd7 11. c3 O-O 12. Qc2 h6 13. h3 Qc7 14. Kh1 Bc6 15. Rg1 Ne4 16. Raf1 f5 17. g3 Rf6 18. Rg2 Raf8 19. Rfg1 Be8 20. Ne5 Bxe5 21. dxe5 Qxe5 22. f4 Qc7 23. Nd4 Kh8 24. Nf3 Qf7 25. Ne5 Qh5 26. Kh2 g5 27. Be2 g4 28. h4 Bc6 29. Qd1 Qe8 30. Qd4 Kh7 31. Bd3 h5 32. Re1 Bb5 33. Rge2 Bxd3 34. Nxd3 R6f7 35. Ne5 Rc7 36. Kg2 Qe7 37. Re3 Qc5 38. Qxc5 Nxc5 39. Rd1 Ne4 40. Rd4 Kg7 41. Kf1 Rd8 42. Ke2 Rd6 43. Nd3 Rb6 44. Kd1 Rc4 45. Kc2 Rxd4 46. cxd4 Rc6+ 47. Kd1 Rc4 48. Nc5 Rxd4+ 49. Rd3 Nf2+ 50. Ke2 Rxd3 51. Nxd3 Nxd3 52. Kxd3 Kf6 53. Kd4 b6 54. b4 Ke7 55. a4 Kd6 56. Kd3 e5 57. b5 axb5 58. fxe5+ Kxe5 59. axb5 d4 0-1

[Event "National Capital op U1900"]
[Site "Ottawa CAN"]
[Date "2013.10.20"]
[Round "4"]
[White "Van Dusen, Eric"]
[Black "Laurin, Marcel"]
[Result "0-1"]
[WhiteElo "1791"]
[BlackElo "1596"]
[PlyCount "67"]
[GameId "2160767909225012"]
[EventDate "2013.10.18"]
[EventType "swiss"]
[EventRounds "5"]
[EventCountry "CAN"]

1. d4 d5 2. Nf3 Nc6 3. Bf4 h6 4. e3 a6 5. h3 Bf5 6. c4 e6 7. Nc3 Bb4 8. Rc1 Nf6 9. Be2 Ne4 10. cxd5 exd5 11. Qb3 O-O 12. O-O Bxc3 13. bxc3 b5 14. a4 Na5 15. Qb4 Nc6 16. Qa3 Qd7 17. axb5 axb5 18. Qb2 Rfb8 19. Ne5 Nxe5 20. Bxe5 Rb7 21. Ra1 Re8 22. Ra5 c6 23. Rfa1 Qe6 24. Bf1 Qg6 25. Kh2 Rbe7 26. Ra6 Re6 27. g4 Ng5 28. f4 Nf3+ 29. Kg3 Be4 30. f5 Qg5 31. fxe6 Qh4+ 32. Kg2 Nxe5+ 33. Kg1 Nf3+ 34. Kh1 0-1

[Event "National Capital op U1900"]
[Site "Ottawa CAN"]
[Date "2013.10.20"]
[Round "5"]
[White "Kellar, Ben"]
[Black "Barlow Wilkes, Curtis"]
[Result "0-1"]
[WhiteElo "1639"]
[BlackElo "1814"]
[PlyCount "66"]
[GameId "2160767909225013"]
[EventDate "2013.10.18"]
[EventType "swiss"]
[EventRounds "5"]
[EventCountry "CAN"]

1. d4 d5 2. Nf3 Nf6 3. e3 c6 4. c4 e6 5. Nc3 Nbd7 6. Bd3 dxc4 7. Bxc4 b5 8. Bb3 b4 9. Ne2 c5 10. O-O Bb7 11. Nf4 Bd6 12. dxc5 Nxc5 13. Bc2 O-O 14. b3 Qe7 15. Bb2 Rfd8 16. Qb1 e5 17. Ne2 e4 18. Bxf6 Qxf6 19. Nfd4 Qe5 20. g3 f5 21. a3 bxa3 22. Rxa3 Nd3 23. Ra1 Nb4 24. Rc1 a5 25. Bd1 Nd3 26. Nc6 Bxc6 27. Rxc6 Bb4 28. Rc2 Ne1 29. Qb2 Qxb2 30. Rxb2 Rac8 31. Rbb1 Rd2 32. Rc1 Rxc1 33. Rxc1 Nd3 0-1

[Event "National Capital op U1900"]
[Site "Ottawa CAN"]
[Date "2013.10.20"]
[Round "5"]
[White "Laurin, Marcel"]
[Black "Fei, David"]
[Result "0-1"]
[WhiteElo "1596"]
[BlackElo "1752"]
[PlyCount "50"]
[GameId "2160767909225014"]
[EventDate "2013.10.18"]
[EventType "swiss"]
[EventRounds "5"]
[EventCountry "CAN"]

1. d4 d5 2. c4 dxc4 3. Nc3 a6 4. e4 b5 5. Bf4 Nf6 6. e5 Nd5 7. Nxd5 Qxd5 8. Be3 Bb7 9. Nf3 e6 10. Be2 Bb4+ 11. Kf1 Qe4 12. Rg1 Qd5 13. Ng5 Qd7 14. Bf3 Bxf3 15. Qxf3 Nc6 16. Rd1 h6 17. Ne4 Qd5 18. Qg4 Kf8 19. Nf6 gxf6 20. exf6 Ke8 21. Qg7 Rf8 22. Bxh6 c3 23. bxc3 Qc4+ 24. Ke1 Bxc3+ 25. Bd2 Nxd4 0-1

[Event "National Capital op U2200"]
[Site "Ottawa CAN"]
[Date "2013.10.19"]
[Round "2"]
[White "Qin, Yuxuan"]
[Black "Martin, Spencer"]
[Result "1-0"]
[WhiteElo "2183"]
[BlackElo "1960"]
[PlyCount "61"]
[GameId "2160767909225015"]
[EventDate "2013.10.18"]
[EventType "swiss"]
[EventRounds "5"]
[EventCountry "CAN"]

1. e4 e5 2. Nc3 Nf6 3. f4 d5 4. fxe5 Nxe4 5. Nf3 Bg4 6. d3 Nxc3 7. bxc3 d4 8. Be2 c5 9. O-O Be7 10. Nxd4 cxd4 11. Bxg4 O-O 12. Kh1 Nc6 13. Bf4 Qa5 14. Qe1 f6 15. e6 dxc3 16. Be3 Rad8 17. Qf2 Ne5 18. Bf5 b6 19. d4 Nc4 20. Qh4 g6 21. Bh6 Rfe8 22. Qg3 Bd6 23. Qg4 Re7 24. Bxg6 hxg6 25. Qxg6+ Kh8 26. Qxf6+ Kh7 27. Rf5 Qxf5 28. Qxf5+ Kxh6 29. Rf1 Nd2 30. Qf6+ Kh7 31. Rf5 1-0

[Event "Nova Scotia Closed"]
[Site "Halifax CAN"]
[Date "2013.06.29"]
[Round "3"]
[White "Giacomin, Gordon"]
[Black "Felix, Chris"]
[Result "1/2-1/2"]
[Annotator "Felix,Chris"]
[WhiteElo "1924"]
[BlackElo "1953"]
[PlyCount "52"]
[GameId "2160767909339222"]
[EventDate "2013.06.28"]
[EventType "tourn"]
[EventRounds "5"]
[EventCountry "CAN"]

1. e4 c5 2. Nf3 Nc6 3. d4 cxd4 4. Nxd4 e5 5. Nb5 d6 6. N1c3 a6 7. Na3 Be6 8. Nc4 b5 9. Ne3 Nf6 10. f3 Be7 11. Ncd5 O-O 12. Bd2 Nd7 13. a4 bxa4 14. Rxa4 Nc5 15. Ra3 Bg5 16. Bc4 Bxe3 17. Bxe3 Nxe4 18. O-O Nf6 19. Qd2 Bxd5 20. Bxd5 Nxd5 21. Qxd5 Qc7 22. Qc4 Qb7 23. Rfa1 a5 24. Rb3 Qa6 25. Qd5 Ne7 26. Qd2 Nf5 1/2-1/2

[Event "Nova Scotia Closed"]
[Site "Halifax CAN"]
[Date "2013.06.30"]
[Round "4"]
[White "Felix, Chris"]
[Black "Burrows, Zachary"]
[Result "0-1"]
[Annotator "Felix,Chris"]
[WhiteElo "1953"]
[BlackElo "2031"]
[PlyCount "118"]
[GameId "2160767909339223"]
[EventDate "2013.06.28"]
[EventType "tourn"]
[EventRounds "5"]
[EventCountry "CAN"]

1. e4 e6 2. d4 d5 3. Nc3 Bb4 4. Bd3 c5 5. exd5 Qxd5 6. Bd2 Bxc3 7. Bxc3 cxd4 8. Bxd4 e5 9. Bc3 Nc6 10. Qe2 Nf6 11. O-O-O Be6 12. Ba6 Qxa2 13. Bxb7 Qa1+ 14. Kd2 Rd8+ 15. Ke1 Rxd1+ 16. Qxd1 Qxd1+ 17. Kxd1 Nd8 18. Ba6 Nd7 19. Bb5 f6 20. Bb4 Kf7 21. Ke2 Nb7 22. Nf3 Rc8 23. Bd3 Nbc5 24. Bb5 Rb8 25. Bxd7 Bc4+ 26. Kd2 Rxb4 27. Kc3 a5 28. Bc6 Be6 29. Re1 Rb6 30. Be4 Na4+ 31. Kd2 Nxb2 32. Ra1 Rd6+ 33. Kc1 Nc4 34. Bd3 Rd7 35. Bxc4 Bxc4 36. Rxa5 Bf1 37. g3 Be2 38. Nd2 Rc7 39. Kb2 Ke6 40. Nb3 Bd1 41. Nc5+ Kf5 42. Kc1 Bf3 43. Kd2 Kg4 44. h4 f5 45. Ne6 Rd7+ 46. Ke3 f4+ 47. gxf4 exf4+ 48. Nxf4 Re7+ 49. Kd3 Kxf4 50. c4 Be2+ 51. Kc3 Rc7 52. c5 Kf3 53. Kd4 Kxf2 54. Kd5 Bf3+ 55. Kd6 Rc6+ 56. Ke7 Kg3 57. h5 Bxh5 58. Kd7 Bf3 59. Ra1 Rxc5 0-1

[Event "Nova Scotia Closed"]
[Site "Halifax CAN"]
[Date "2013.06.30"]
[Round "5"]
[White "Charlton, Glenn"]
[Black "Felix, Chris"]
[Result "1/2-1/2"]
[Annotator "Felix,Chris"]
[WhiteElo "2013"]
[BlackElo "1953"]
[PlyCount "48"]
[GameId "2160767909339224"]
[EventDate "2013.06.28"]
[EventType "tourn"]
[EventRounds "5"]
[EventCountry "CAN"]

1. e4 c5 2. Nc3 Nc6 3. f4 g6 4. Nf3 Bg7 5. Bb5 Nd4 6. O-O e6 7. e5 Nxf3+ 8. Qxf3 a6 9. Bd3 d5 10. exd6 Qxd6 11. b3 Ne7 12. Ba3 Bd7 13. Kh1 Bc6 14. Be4 O-O 15. Bxc6 Nxc6 16. Ne4 Qc7 17. Bxc5 Bxa1 18. Bxf8 Nd4 19. Bd6 Qxc2 20. Nf6+ Kg7 21. Qe4 Qxe4 22. Nxe4 Nc2 23. Rc1 Rc8 24. Nc3 Bxc3 1/2-1/2

[Event "November VCS op"]
[Site "Vancouver CAN"]
[Date "2013.11.24"]
[Round "4"]
[White "Nyamdorj, Davaa-Ochir"]
[Black "Soliven, Joe"]
[Result "1-0"]
[WhiteElo "2055"]
[BlackElo "1961"]
[PlyCount "83"]
[GameId "2160767909208225"]
[EventDate "2013.11.22"]
[EventType "swiss"]
[EventRounds "5"]
[EventCountry "CAN"]

1. e4 d6 2. d4 Nd7 3. Nf3 e5 4. Bc4 Be7 5. Nc3 c6 6. a4 b6 7. O-O Bb7 8. Re1 a6 9. Bb3 h5 10. dxe5 dxe5 11. Be3 Qc7 12. Qe2 Nc5 13. Ba2 Bc8 14. b4 Ne6 15. b5 Bb4 16. Bd2 Nd4 17. Nxd4 exd4 18. Nd5 cxd5 19. Bxb4 Bg4 20. f3 O-O-O 21. bxa6 Nf6 22. exd5 Nxd5 23. a7 Kb7 24. Bxd5+ Rxd5 25. Qe4 Be6 26. a5 b5 27. c3 d3 28. Rad1 Rhd8 29. Rxd3 Bf5 30. Qxd5+ Rxd5 31. Rxd5 Be6 32. Rxb5+ Kxa7 33. Bc5+ Ka8 34. Bd4 Bd7 35. Rb6 h4 36. a6 h3 37. a7 Qxa7 38. c4 Ba4 39. Ra1 Qd7 40. Ra6+ Kb8 41. Rb1+ Kc8 42. Ra8+ 1-0

[Event "Ontario op U1600"]
[Site "Ottawa CAN"]
[Date "2013.05.20"]
[Round "5"]
[White "Kurkowski, Ken"]
[Black "Marshall, Eric"]
[Result "1/2-1/2"]
[WhiteElo "1631"]
[BlackElo "1551"]
[PlyCount "89"]
[GameId "2160767909347791"]
[EventDate "2013.05.18"]
[EventType "swiss"]
[EventRounds "6"]
[EventCountry "CAN"]

1. d4 d5 2. Nf3 e6 3. e3 c5 4. b3 Nf6 5. Bd3 Nbd7 6. Bb2 g6 7. O-O Bg7 8. Nbd2 O-O 9. Re1 b6 10. e4 dxe4 11. Nxe4 Nxe4 12. Bxe4 Rb8 13. c4 Bb7 14. Qd2 cxd4 15. Nxd4 Nc5 16. Bxb7 Rxb7 17. Rad1 Rd7 18. f4 Qb8 19. Qf2 Bxd4 20. Bxd4 Rfd8 21. Be5 Qb7 22. Rxd7 Qxd7 23. Qe2 Qd2 24. Kf1 Qxe2+ 25. Kxe2 Kf8 26. Rd1 Rxd1 27. Kxd1 Ke7 28. Ke2 f6 29. Bb8 a6 30. Ke3 Kd7 31. b4 Nb7 32. Kd4 Nd8 33. b5 axb5 34. cxb5 Nb7 35. a4 Kc8 36. Ba7 Kc7 37. Kc4 Nd6+ 38. Kb4 Kb7 39. Bxb6 Kxb6 40. a5+ Kc7 41. Kc5 Ne4+ 42. Kd4 Nd6 43. Kc5 Ne4+ 44. Kd4 Nd6 45. Kc5 1/2-1/2

[Event "Ontario op U1900"]
[Site "Ottawa CAN"]
[Date "2013.05.20"]
[Round "6"]
[White "Flitton, David"]
[Black "Gillis, Doug"]
[Result "0-1"]
[WhiteElo "1627"]
[BlackElo "1609"]
[PlyCount "34"]
[GameId "2160767909347792"]
[EventDate "2013.05.18"]
[EventType "swiss"]
[EventRounds "6"]
[EventCountry "CAN"]

1. f4 d5 2. Nf3 Bg4 3. b3 Bxf3 4. exf3 Nf6 5. Bb2 e6 6. d4 Bb4+ 7. c3 Bd6 8. g3 O-O 9. Nd2 c5 10. dxc5 Bxc5 11. b4 Be7 12. a4 d4 13. Ne4 dxc3 14. Bxc3 Nd5 15. Qb3 Qb6 16. Be2 Nxb4 17. a5 Nd3+ 0-1

[Event "Outaouais-ch"]
[Site "Gatineau CAN"]
[Date "2013.04.16"]
[Round "1"]
[White "Rose, Richard1"]
[Black "Groleau, Gilles"]
[Result "0-1"]
[WhiteElo "1854"]
[BlackElo "1886"]
[PlyCount "96"]
[GameId "2160767909364514"]
[EventDate "2013.04.17"]
[EventType "tourn"]
[EventRounds "6"]
[EventCountry "CAN"]
[SourceTitle "EXT 2022"]
[Source "ChessBase"]
[SourceDate "2021.10.06"]
[SourceVersion "1"]
[SourceVersionDate "2021.10.06"]
[SourceQuality "1"]

1. e4 c5 2. Nf3 e6 3. d4 cxd4 4. Nxd4 a6 5. Bd3 Nc6 6. Be3 Qc7 7. O-O b5 8. c3 Bb7 9. Nd2 Nf6 10. f4 Be7 11. Kh1 O-O 12. Qf3 Rac8 13. Rae1 d6 14. Nxc6 Bxc6 15. Qh3 e5 16. f5 d5 17. Bg5 dxe4 18. Bxe4 Nxe4 19. Nxe4 Bxe4 20. Bxe7 Qxe7 21. Rxe4 f6 22. Ree1 Rfd8 23. Rd1 Rd6 24. Qf3 Rcd8 25. h3 Qd7 26. Rxd6 Qxd6 27. Re1 Qd5 28. Qxd5+ Rxd5 29. Re2 Kf7 30. g4 g6 31. Kg2 Rd3 32. Rf2 Ke7 33. Rf3 Rd2+ 34. Rf2 Rxf2+ 35. Kxf2 gxf5 36. gxf5 Kd6 37. Ke3 Kd5 38. b3 h5 39. b4 Kc4 40. Kd2 h4 41. Kc2 e4 42. Kd2 Kd5 43. Ke3 Ke5 44. c4 bxc4 45. a4 Kd5 46. Kd2 Kd4 47. Kd1 e3 48. Ke2 c3 0-1

[Event "Outaouais-ch"]
[Site "Gatineau CAN"]
[Date "2013.04.17"]
[Round "1"]
[White "Desjardins, Michel"]
[Black "Gagnon, Fabien"]
[Result "1/2-1/2"]
[WhiteElo "1907"]
[BlackElo "1909"]
[PlyCount "99"]
[GameId "2160767909364515"]
[EventDate "2013.04.17"]
[EventType "tourn"]
[EventRounds "6"]
[EventCountry "CAN"]
[SourceTitle "EXT 2022"]
[Source "ChessBase"]
[SourceDate "2021.10.06"]
[SourceVersion "1"]
[SourceVersionDate "2021.10.06"]
[SourceQuality "1"]

1. e4 e6 2. d4 d5 3. e5 c5 4. c3 Nc6 5. Nf3 Bd7 6. a3 f6 7. Bd3 fxe5 8. Nxe5 Nf6 9. Bg5 cxd4 10. Bxf6 Qxf6 11. Nxd7 Kxd7 12. O-O Bc5 13. Qb3 Kc7 14. c4 Rad8 15. Nd2 dxc4 16. Qxc4 Bb6 17. Ne4 Qe5 18. Rac1 Kb8 19. Rfe1 Qd5 20. Qc2 Ne5 21. Qe2 h6 22. Kf1 Rc8 23. Rxc8+ Rxc8 24. f3 Nxd3 25. Qxd3 Qc4 26. Qxc4 Rxc4 27. Nd6 Rc2 28. Rxe6 d3 29. Ke1 Rxg2 30. Nc4 Bf2+ 31. Kd2 Bh4+ 32. Kxd3 Rxh2 33. b3 Kc7 34. Ne3 Rb2 35. Kc3 Rf2 36. Nd5+ Kd7 37. Re3 Bf6+ 38. Nxf6+ gxf6 39. Kd4 h5 40. Ke4 h4 41. f4 Rg2 42. Rh3 Rg3 43. Rxh4 Rxb3 44. Kf5 Rb6 45. Rh7+ Ke8 46. Rc7 Kd8 47. Rf7 Ke8 48. Rc7 Kf8 49. Rd7 Ke8 50. Rc7 1/2-1/2

[Event "Outaouais-ch"]
[Site "Gatineau CAN"]
[Date "2013.04.23"]
[Round "2"]
[White "Gagnon, Fabien"]
[Black "Rose, Richard1"]
[Result "1-0"]
[WhiteElo "1909"]
[BlackElo "1854"]
[PlyCount "77"]
[GameId "2160767909364516"]
[EventDate "2013.04.17"]
[EventType "tourn"]
[EventRounds "6"]
[EventCountry "CAN"]
[SourceTitle "EXT 2022"]
[Source "ChessBase"]
[SourceDate "2021.10.06"]
[SourceVersion "1"]
[SourceVersionDate "2021.10.06"]
[SourceQuality "1"]

1. d4 Nf6 2. Nf3 d5 3. g3 c6 4. Bg2 g6 5. O-O Bg7 6. c4 O-O 7. Nc3 Re8 8. Ne5 e6 9. Qc2 dxc4 10. Rd1 Nbd7 11. Nxc4 Nb6 12. Ne5 Nfd7 13. e4 f6 14. Nf3 Qe7 15. b3 e5 16. a4 a5 17. Ba3 Qf7 18. d5 Bf8 19. dxc6 bxc6 20. Bxf8 Rxf8 21. Rab1 Ba6 22. Qd2 Rfd8 23. Qd6 Rac8 24. Bh3 Nf8 25. Qc5 Rxd1+ 26. Rxd1 Nbd7 27. Qxa5 Bb7 28. Nd2 Ne6 29. Bxe6 Qxe6 30. Nc4 c5 31. Rd6 Qg4 32. Qb5 Bxe4 33. Qxd7 Bf5 34. Qb7 Qg5 35. Ne3 Bh3 36. Ncd5 Rf8 37. Qe7 Rf7 38. Nxf6+ Kg7 39. Ne8+ 1-0

[Event "Outaouais-ch"]
[Site "Gatineau CAN"]
[Date "2013.04.24"]
[Round "2"]
[White "Desjardins, Michel"]
[Black "Groleau, Gilles"]
[Result "1/2-1/2"]
[WhiteElo "1907"]
[BlackElo "1886"]
[PlyCount "119"]
[GameId "2160767909364517"]
[EventDate "2013.04.17"]
[EventType "tourn"]
[EventRounds "6"]
[EventCountry "CAN"]
[SourceTitle "EXT 2022"]
[Source "ChessBase"]
[SourceDate "2021.10.06"]
[SourceVersion "1"]
[SourceVersionDate "2021.10.06"]
[SourceQuality "1"]

1. e4 c5 2. Nc3 e6 3. Nge2 a6 4. a4 Qc7 5. g3 Nc6 6. d4 cxd4 7. Nxd4 Nf6 8. Bg2 Bb4 9. Nde2 O-O 10. O-O Rb8 11. Bf4 d6 12. Qd3 Ne5 13. Bxe5 dxe5 14. Rfd1 Bd7 15. Na2 Be7 16. Qc3 Rbc8 17. a5 Bc6 18. f3 Rfd8 19. Bf1 Rxd1 20. Rxd1 Rd8 21. Rd3 Rxd3 22. cxd3 Qd6 23. d4 exd4 24. Nxd4 Qc5 25. Kg2 Be8 26. Qxc5 Bxc5 27. Nb3 Be7 28. Nd4 Bd8 29. b4 Kf8 30. Nb3 Nd7 31. Kf2 Be7 32. b5 Nc5 33. Nd4 e5 34. bxa6 Nxa6 35. Nb5 Bc5+ 36. Ke1 Ke7 37. Kd1 Bc6 38. Nbc3 Nc7 39. Bc4 Ne6 40. a6 bxa6 41. Bxa6 Nd4 42. Be2 Kd6 43. Kd2 g6 44. f4 f5 45. exf5 Nxf5 46. fxe5+ Kxe5 47. Nc1 Be3+ 48. Kd1 Kd4 49. Nb5+ Kc5 50. Nc3 Bxc1 51. Kxc1 Nd4 52. Bd1 Kc4 53. Kd2 Bf3 54. Bc2 Bg4 55. Bd3+ Kb4 56. Nd5+ Kc5 57. Nf6 Nf3+ 58. Ke3 Nxh2 59. Nxh7 Bh5 60. Be2 1/2-1/2

[Event "Outaouais-ch"]
[Site "Gatineau CAN"]
[Date "2013.04.30"]
[Round "3"]
[White "Groleau, Gilles"]
[Black "Gagnon, Fabien"]
[Result "1/2-1/2"]
[WhiteElo "1886"]
[BlackElo "1909"]
[PlyCount "78"]
[GameId "2160767909364518"]
[EventDate "2013.04.17"]
[EventType "tourn"]
[EventRounds "6"]
[EventCountry "CAN"]
[SourceTitle "EXT 2022"]
[Source "ChessBase"]
[SourceDate "2021.10.06"]
[SourceVersion "1"]
[SourceVersionDate "2021.10.06"]
[SourceQuality "1"]

1. e4 g6 2. d4 Bg7 3. Nf3 c5 4. c3 cxd4 5. cxd4 d5 6. e5 Nh6 7. Nc3 O-O 8. Qb3 Nc6 9. Be2 Nf5 10. Be3 e6 11. O-O f6 12. exf6 Bxf6 13. Rad1 Qe7 14. Rfe1 Qg7 15. Bb5 Ncxd4 16. Nxd4 Nxd4 17. Bxd4 Bxd4 18. Re2 a6 19. Bd3 Ba7 20. Bb1 Qc7 21. Rf1 Qb6 22. Qxb6 Bxb6 23. g3 Bd7 24. Kg2 d4 25. Rd2 Bc6+ 26. Ne4 Rac8 27. f3 Bd5 28. b3 Kg7 29. Bd3 Rc6 30. Rff2 Rfc8 31. Rc2 a5 32. Rxc6 Rxc6 33. Rc2 a4 34. Rxc6 bxc6 35. Bc4 Kf8 36. Kf1 Ke7 37. Ke2 axb3 38. axb3 Bxc4+ 39. bxc4 e5 1/2-1/2

[Event "Outaouais-ch"]
[Site "Gatineau CAN"]
[Date "2013.04.30"]
[Round "3"]
[White "Rose, Richard1"]
[Black "Desjardins, Michel"]
[Result "1-0"]
[WhiteElo "1854"]
[BlackElo "1907"]
[PlyCount "75"]
[GameId "2160767909364519"]
[EventDate "2013.04.17"]
[EventType "tourn"]
[EventRounds "6"]
[EventCountry "CAN"]
[SourceTitle "EXT 2022"]
[Source "ChessBase"]
[SourceDate "2021.10.06"]
[SourceVersion "1"]
[SourceVersionDate "2021.10.06"]
[SourceQuality "1"]

1. e4 d5 2. exd5 Qxd5 3. Nc3 Qd6 4. d4 Nf6 5. Nf3 a6 6. g3 Bg4 7. Bg2 Nc6 8. h3 Bh5 9. a3 O-O-O 10. g4 Bg6 11. Be3 Nd5 12. Nxd5 Qxd5 13. Qe2 e5 14. c4 Qa5+ 15. Bd2 Bb4 16. d5 Bxd2+ 17. Qxd2 Qxd2+ 18. Kxd2 f6 19. Kc3 Ne7 20. Nh4 Bf7 21. Rad1 Rd6 22. Rd2 Rhd8 23. Rhd1 g5 24. Nf5 Nxf5 25. gxf5 Bh5 26. Re1 c5 27. b4 b6 28. bxc5 bxc5 29. Rb2 R8d7 30. Reb1 Rc7 31. Rb8+ Kd7 32. Rh8 Ke7 33. Rbb8 Rdd7 34. Rxh7+ Bf7 35. d6+ Kxd6 36. Rb6+ Ke7 37. Bd5 Kf8 38. Rb8+ 1-0

[Event "Outaouais-ch"]
[Site "Gatineau CAN"]
[Date "2013.05.07"]
[Round "4"]
[White "Gagnon, Fabien"]
[Black "Desjardins, Michel"]
[Result "0-1"]
[WhiteElo "1909"]
[BlackElo "1907"]
[PlyCount "74"]
[GameId "2160767909364520"]
[EventDate "2013.04.17"]
[EventType "tourn"]
[EventRounds "6"]
[EventCountry "CAN"]
[SourceTitle "EXT 2022"]
[Source "ChessBase"]
[SourceDate "2021.10.06"]
[SourceVersion "1"]
[SourceVersionDate "2021.10.06"]
[SourceQuality "1"]

1. Nf3 d5 2. g3 Nf6 3. Bg2 Bg4 4. Ne5 Bh5 5. c4 c6 6. cxd5 Nxd5 7. Nc3 e6 8. d4 Nd7 9. O-O Bd6 10. f4 O-O 11. Nf3 Be7 12. e4 N5f6 13. h3 Bxf3 14. Bxf3 Qb6 15. Kg2 Rfd8 16. e5 Nd5 17. Nxd5 cxd5 18. Rf2 Rac8 19. Be3 Rc4 20. Be2 Rc7 21. Bd3 Rdc8 22. f5 Nxe5 23. fxe6 fxe6 24. Bb1 Nc4 25. Bf4 Bd6 26. b3 Bxf4 27. bxc4 Bh6 28. c5 Qb4 29. Qd3 g6 30. a3 Qe1 31. Re2 Qc1 32. Qb3 Rf8 33. Qb2 Qf1+ 34. Kh2 Rcf7 35. Ra2 Be3 36. Rg2 Rf2 37. Qb3 Qxg2# 0-1

[Event "Outaouais-ch"]
[Site "Gatineau CAN"]
[Date "2013.05.07"]
[Round "4"]
[White "Groleau, Gilles"]
[Black "Rose, Richard1"]
[Result "0-1"]
[WhiteElo "1887"]
[BlackElo "1854"]
[PlyCount "102"]
[GameId "2160767909364521"]
[EventDate "2013.04.17"]
[EventType "tourn"]
[EventRounds "6"]
[EventCountry "CAN"]
[SourceTitle "EXT 2022"]
[Source "ChessBase"]
[SourceDate "2021.10.06"]
[SourceVersion "1"]
[SourceVersionDate "2021.10.06"]
[SourceQuality "1"]

1. e4 c5 2. Nc3 Nc6 3. f4 g6 4. Nf3 Bg7 5. Bb5 Nd4 6. O-O Nxb5 7. Nxb5 a6 8. Nc3 d6 9. d3 e6 10. Qe1 Ne7 11. Bd2 Bd7 12. Rb1 O-O 13. f5 exf5 14. Qh4 f6 15. Bh6 Bc6 16. Bxg7 Kxg7 17. Kh1 b5 18. Nd2 d5 19. Rbd1 d4 20. Ne2 fxe4 21. dxe4 f5 22. Nf4 Qd7 23. e5 Nd5 24. Nxd5 Qxd5 25. Nf3 Rae8 26. Rf2 Qe4 27. Qh3 Qg4 28. Re1 h6 29. Kg1 Qxh3 30. gxh3 Bxf3 31. Rxf3 Re6 32. c3 Rd8 33. cxd4 Rxd4 34. Rc3 Rd5 35. Ra3 f4 36. Re2 g5 37. Kf2 Kg6 38. Ra5 Kf5 39. Kf3 Rdxe5 40. Rxe5+ Kxe5 41. Kg4 Ke4 42. a4 Rf6 43. axb5 axb5 44. Ra1 f3 45. Re1+ Kd3 46. Kg3 f2 47. Rf1 Ke2 48. Kg2 c4 49. b3 c3 50. b4 c2 51. h4 c1=Q 0-1